000 02264nam0a2200433 4500
001 RU\NLR\bibl\1115256
005 20260405134612.0
010 _a978-5-9772-0049-3
_9500
021 _aRU
_b2007-43092
_92305
035 _a(nilc)EL/0000136671
035 _a(NLR Aleph) 001102264
090 _a1185758
_c1185758
100 _a20070731d2007 |||y0rusy50 ca
101 0 _arus
102 _aRU
105 _ay |||||||||
200 1 _aПредставительство и защита профсоюзами социально-трудовых прав и интересов работников
_fВ. А. Васильев
_gЧеляб. ин-т Урал. акад. гос. службы, Учеб.-метод. центр, ООПС "Федерация профсоюзов Челяб. обл."
210 _aЧелябинск
_cПолиграф-мастер
_d2007
215 _a274 с.
_d21
300 _aНа 4 с. обл. авт.: Васильев Валерий Александрович, к.юрид.н., засл. юрист РФ
320 _aБиблиогр.: с. 237-274 и в подстроч. примеч.
606 1 _aТрудовые права
_xЗащита
_xУчастие профсоюзов
_yРоссийская Федерация
_92355040
_3RU\NLR\auth\661406738
606 1 _aСоциальная защита
_xПрофсоюзные организации и их работа
_92146593
_3RU\NLR\auth\661293197
610 1 _aзащита трудовых прав
610 1 _aпрофсоюзы в РФ
610 1 _aпредставительство профсоюзов
610 1 _aзащита интересов трудящихся
610 1 _aсоциальное партнерство в сфере труда
686 _a67.405.100
_vLBC/M
_2rubbk
686 _a10.63.25
_2rugasnti
686 _aФ72(2)274-331.2
686 _aФ72(2)274-332
700 1 _4070
_8rus
_7ca
_aВасильев
_bВ. А.
_cканд. юрид. наук
_gВалерий Александрович
_3RU\NLR\auth\7755086
_938018
801 0 _aRU
_bЧелябинская ОУНБ
_c20070731
801 1 _aRU
_bЧелябинская ОУНБ
_c20070731
801 2 _aRU
_bNLR
_c20070807
_grcr
942 _cBOOK
980 _aNB